000 00640cam a22002411 4500
001 sa 68014033
003 DLC
005 20260227112628.0
008 890919s1965 ce 000 0 sino
010 _asa 68014033
035 _a(OCoLC)20367491
040 _aDLC
_cWaU
_dDLC
042 _apremarc
043 _aa-ce---
050 0 0 _aJQ659.A795
_bP4
100 1 _aPerera, B. C.
_q(Bulathsinhalage Cyril),
_d1938-
245 1 0 _aLaṅkāvē dēśapālana pakṣa kramaya.
260 _c[1965]
300 _a135 p.
_c19 cm.
500 _aIn Sinhalese.
650 0 _aPolitical parties
_zSri Lanka.
700 1 _aFernando, B. J. Philip.
999 _c85518
_d85518